000 00577nam a2200241Ia 4500
003 OSt
005 20221005124306.0
006 a|||||r|||| 00| 0
007 ta
008 221004b |||||||| |||| 00| 0 urd d
020 _c25.00
024 _a6194
037 _cTextual
040 _aCRL
_cCRL
_burd
041 _2urd
_aurd
082 _aO168,1M76w, M3
100 _aJagannath Azad
245 0 _aMohammad Iqbal
260 _c1983
650 _aURDU POETRY
942 _hO168,1M76w, M3
_cTEXL
_2cc
999 _c1050030
_d1050030